000 00603nam a2200241Ia 4500
001 16170
003 GE_BSU
008 181216s||||||||xx |||||||||||||| ||und||
020 _a9781780986456
040 _cGE_BSU
080 _a811.111+336
100 _aEvans,Virginia. Dooley,J. Ketan C.Patel
245 _aFinance:Book1.Book2.Book2
260 _aNewbury
260 _bExpress Publishing
260 _c2012
300 _a127p.ill.30cm.
541 _h27Gel.43T.
653 _aFinance
653 _aინგლისური ენა
653 _aფინანსები
942 _cBK
999 _c49256
_d49256